| 000 | 01242cab a2200325 4500 | ||
|---|---|---|---|
| 001 | X287 | ||
| 008 | 090401t1992 xxu||||| |||| 00| 0 eng d | ||
| 035 | _a(Sirsi) u64883 | ||
| 041 | _aeng | ||
| 100 | _aParker, D.R.R. | ||
| 245 | _aHow important is security of income in the valuation of CBD office buildings? | ||
| 260 | _c1992 | ||
| 350 | _a0 | ||
| 490 |
_aValuer and Land Economist _v32(3) August 1992, 190-194(3) |
||
| 520 | _aTenant security is generally held to be an important factor in assessing a suitable capitalisation rate for an office investment. This article outlines the results of a survey of valuers in Sydney which found security of income to be second only to location as a determinant of the capitalisation rate for office investments. | ||
| 650 | _aASSET VALUATION | ||
| 650 | _aAUSTRALIA | ||
| 650 | _aCAPITAL VALUES | ||
| 650 | _aCAPITALISATION RATE | ||
| 650 | _aINCOME STREAMS | ||
| 650 | _aINVESTMENT PROPERTY | ||
| 650 | _aINVESTMENT VALUATION | ||
| 650 | _aRATES OF RETURN | ||
| 650 | _aRESEARCH | ||
| 650 | _aSECURITY OF INCOME | ||
| 650 |
_aValuation _96273 |
||
| 690 | _aPROPERTY-COMMERCIAL PROPERTY-COMMERCIAL PROPERTY APPRAISAL AND VALUATION | ||
| 942 | _n0 | ||
| 948 | _c04/03/1997 | ||
| 999 |
_c40425 _d40425 |
||